Largest Cities within the Arctic Circle - Statistics

General Stats
  • This quiz has been taken 56 times
  • The average score is 4 of 11
Answer Stats
Country Population City % Correct
Russia 307,664 Murmansk
98%
Norway 68,000 Tromsø
74%
Finland 62,000 Rovaniemi
54%
Russia 175,301 Norilsk
52%
Russia 70,551 Vorkuta
38%
Norway 47,282 Bodø
34%
Russia 59,690 Apatity
14%
Russia 50,076 Severomorsk
12%
Russia 28,639 Kirovsk
8%
Russia 45,381 Monchegorsk
8%
Russia 35,659 Kandalaksha
4%
No matching quizzes found
Score Distribution
Percent of People with Each Score
Percentile by Number Answered
Your Score History
You have not taken this quiz